000
00282nam a2200109Ia 4500
008
190216s9999||||xx |||||||||||||| ||und||
100
_a
Davar Rs
245
0
_a
Practical Book-Keeping And Accountancy
260
_b
The English Language Book Society
_c
1962
300
_a
476p
942
_c
BK
999
_c
3889
_d
3889